The Jungle Book : Mogli Meets Baloo (Record no. 74927)

MARC details
000 -LÍDER
campo de controle de tamanho fixo 00378 a2200145 4500
001 - NÚMERO DE CONTROLE
campo de controle 74927
020 ## - ISBN - INTERNATIONAL STANDARD BOOK NUMBER
ISBN - International Standard Book Number 9781408288566
040 ## - FONTE DA CATALOGAÇÃO
Instituição que transcreveu o registro Anchieta - Colégio São Paulo
100 ## - ENTRADA PRINCIPAL--NOME PESSOAL
Nome pessoal Schofield, Nicola
240 10 - TÍTULO UNIFORME
Título uniforme The Jungle Book : Mogli Meets Baloo
Idioma da obra por
245 10 - TÍTULO
Título The Jungle Book : Mogli Meets Baloo
300 ## - DESCRIÇÃO FÍSICA
Extensão 15
650 #4 - ASSUNTO--TERMO TÓPICO
Cabeçalho tópico ou nome geográfico Literatura infantil em inglês
942 ## - ELEMENTOS DE ENTRADA ADICIONADOS (KOHA)
Tipo de material Koha Livros
Holdings
Situação do descarte Situação das perdas Situação física Não pode ser emprestado Biblioteca de origem Biblioteca atual Data de aquisição Total de empréstimos Número de chamada completo Código de barras Data de último acesso Data do preço efetivo Tipo de material Koha
        Canadian School of Niterói - Piratininga Canadian School of Niterói - Piratininga 09/02/2024   J2 - SCH A16717 09/02/2024 09/02/2024 Livros
        Colégio São Paulo Colégio São Paulo 22/11/2023   LI 028.573 S364j 6074/CSP 22/11/2023 22/11/2023 Livros